• 首页
  • 本馆介绍
  • 公告通知
  • 最新文献
  • 馆藏检索
  • 电子资源
  • 读者导购
  • 参考咨询
  • 我的图书馆
  • 登录
  • 详细信息显示
  • 放入我的书架
  • 预约/预借图书
  • 作者相关作品
  • 分类相关作品
  • 丛书相关作品
  • 出版社相关作品

书目信息

  • 表格格式
  • 工作单格式
  • 卡片格式
题名:
电致发光
    
 
作者: 潘科夫 , Pankove 主编 ;李维楠 译
分册:  
出版信息: 北京   科学出版社  1987
页数: 267页
开本: 19cm
丛书名:
单 册:
中图分类: O482.3
科图分类:
主题词: 电致发光
电子资源:
ISBN:
000 00820nam0 2200289 45
001 0187008958
005 20040910091314.2
010    @dCNY
091    @a13031.3617
100    @a19900808d1987 emky0chiy0121 ea
101 0  @achi@ceng
102    @aCN@b110000
105    @ay z 001yy
106    @ar
200 10 @a电致发光@Adian zhi fa guang@f(美)J.I.潘科夫主编@F(Mei)J.I.Pan Ke Fu Zhu Bian@g李维楠译
210    @a北京@c科学出版社@d1987
215    @a267页@d19cm
300    @a书名原文: Electroluminescence
510 1  @aElectroluminescence@zeng
606    @a电致发光
690    @aO482.3@v3
701  1 @a潘科夫@Apan ke fu@bJ.I.@4主编
701 A1 @aPankove@bJ.I.@4主编
702  0 @a李维楠@Ali wei nan@4译
801  0 @aCN@b深圳图书馆@c20040910
801  2 @aCN@bNLC@c20040910
905    @f1@b218082@dO482.3@e29
    
    电致发光/(美)J.I.潘科夫主编/李维楠译.-北京:科学出版社,1987
    267页;19cm
    书名原文: Electroluminescence
    
    ISBN :CNY
    
●
相关链接 在E读中查询图书 在五车中查询图书 在当当中查询图书 在豆瓣中查询图书


正题名:电致发光     索取号:O482.3/29         预约/预借

序号 登录号 条形码 馆藏地/架位号 状态 备注
1 0218082   001952195   第三借阅区/ [索取号:O482.3/29] 在馆    
2 0218083   001453117   第二样本阅览室/ [索取号:O482.3/29] 在馆    
唐山师范学院图书馆 欢迎您!
大连网信软件有限公司© 版权所有